<?xml version="1.0" encoding="UTF-8"?><?xml-stylesheet type="text/xsl" href="static/style.xsl"?><OAI-PMH xmlns="http://www.openarchives.org/OAI/2.0/" xmlns:xsi="http://www.w3.org/2001/XMLSchema-instance" xsi:schemaLocation="http://www.openarchives.org/OAI/2.0/ http://www.openarchives.org/OAI/2.0/OAI-PMH.xsd"><responseDate>2026-06-04T20:40:15Z</responseDate><request verb="GetRecord" identifier="oai:riuma.uma.es:10630/46755" metadataPrefix="marc">https://riuma.uma.es/rest/oai/request</request><GetRecord><record><header><identifier>oai:riuma.uma.es:10630/46755</identifier><datestamp>2026-06-01T23:46:10Z</datestamp><setSpec>com_10630_2254</setSpec><setSpec>col_10630_37959</setSpec></header><metadata><record xmlns="http://www.loc.gov/MARC21/slim" xmlns:dcterms="http://purl.org/dc/terms/" xmlns:doc="http://www.lyncode.com/xoai" xmlns:xsi="http://www.w3.org/2001/XMLSchema-instance" xsi:schemaLocation="http://www.loc.gov/MARC21/slim http://www.loc.gov/standards/marcxml/schema/MARC21slim.xsd">
   <leader>00925njm 22002777a 4500</leader>
   <datafield ind2=" " ind1=" " tag="042">
      <subfield code="a">dc</subfield>
   </datafield>
   <datafield ind2=" " ind1=" " tag="720">
      <subfield code="a">Sánchez-Moreno, Víctor</subfield>
      <subfield code="e">author</subfield>
   </datafield>
   <datafield ind2=" " ind1=" " tag="720">
      <subfield code="a">Chamizo-Nieto, María Teresa</subfield>
      <subfield code="e">author</subfield>
   </datafield>
   <datafield ind2=" " ind1=" " tag="720">
      <subfield code="a">Rey-Peña, Lourdes</subfield>
      <subfield code="e">author</subfield>
   </datafield>
   <datafield ind2=" " ind1=" " tag="260">
      <subfield code="c">2026-05-14</subfield>
   </datafield>
   <datafield ind2=" " ind1=" " tag="520">
      <subfield code="a">La evidencia empírica sugiere que las habilidades emocionales pueden desempeñar un papel relevante en la reducción de conductas agresivas online. Sin embargo, numerosas intervenciones previas presentan limitaciones metodológicas que dificultan la interpretación de sus resultados. El presente estudio examinó la eficacia de un programa breve de entrenamiento en inteligencia emocional (IE) para reducir la ciberagresión en adolescentes. Participaron 422 adolescentes en un diseño cuasiexperimental con tres momentos de evaluación: preevaluación, post-evaluación y seguimiento a los tres meses. En cada momento se midieron la IE y la ciberagresión mediante autoinforme validados. Se comparó un grupo experimental que recibió la intervención en IE, un grupo control activo basado en psicoeducación y un grupo control pasivo en lista de espera. Los análisis de ANOVA factorial mixto indicaron que, en IE, la interacción tiempo × grupo fue significativa, observándose un incremento entre el post y el seguimiento exclusivamente en el grupo de intervención. En ciberagresión, los efectos principales del tiempo fueron significativos, aunque no la interacción tiempo × grupo, lo que indica patrones temporales similares entre condiciones. Los análisis post hoc mostraron descensos significativos de ciberagresión entre el pretest y el seguimiento en el grupo de intervención. Se discuten implicaciones y limitaciones.</subfield>
   </datafield>
   <datafield ind1="8" ind2=" " tag="024">
      <subfield code="a">https://hdl.handle.net/10630/46755</subfield>
   </datafield>
   <datafield tag="653" ind2=" " ind1=" ">
      <subfield code="a">Ciberacoso - Prevención</subfield>
   </datafield>
   <datafield tag="653" ind2=" " ind1=" ">
      <subfield code="a">Adolecentes - Psicología</subfield>
   </datafield>
   <datafield tag="653" ind2=" " ind1=" ">
      <subfield code="a">Madurez afectiva</subfield>
   </datafield>
   <datafield ind2="0" ind1="0" tag="245">
      <subfield code="a">Prevención de la ciberagresión adolescente: evaluación de una intervención basada en procesos psicológicos positivos.</subfield>
   </datafield>
</record>
</metadata></record></GetRecord></OAI-PMH>